| 000 | 00699nam a2200253Ia 4500 | ||
|---|---|---|---|
| 003 | OSt | ||
| 005 | 20220918214711.0 | ||
| 006 | a|||||r|||| 00| 0 | ||
| 007 | ta | ||
| 008 | 220917b |||||||| |||| 00| 0 eng d | ||
| 024 | _a138,692 | ||
| 037 | _cTextual | ||
| 040 |
_aARTS _cARTS _beng |
||
| 041 |
_2eng _aeng |
||
| 082 | _aY:434:6, K9 | ||
| 100 |
_aSundquist James L Ed _9132312 |
||
| 245 | 0 |
_aOn flighting poverty _b Perspective from experience |
|
| 260 |
_aNew York _bBasic Books _c1969 |
||
| 300 |
_ax, 256p. _ccm. |
||
| 490 | _aPerspective on poverty; II | ||
| 650 | _aSOCIOLOGY | ||
| 942 |
_hY:434:6, K9 _cTEXL _2CC |
||
| 999 |
_c261743 _d261743 |
||